| 000 | 00586nam a2200181 a 4500 | ||
|---|---|---|---|
| 005 | 20250411063847.0 | ||
| 008 | 991125s1993 [cd 000 0 spa u | ||
| 035 | _aUPN01000055379 | ||
| 049 | _aF | ||
| 050 | 4 | _aF1234 P4.72 | |
| 100 | 1 | _aPerales, Xavier C. | |
| 245 | 1 | 4 |
_aLos tamaulipecos / _cXavier C. Perales |
| 260 |
_a[Cd. Victoria] : _bUniversidad Autónoma de Tamaulipas, _c1993 |
||
| 300 | _a[36] p | ||
| 440 | 0 |
_aTestimonios de los veteranos de la Revolución Mexicana; _v2 |
|
| 651 | 4 |
_aMéxico _xHistoria _yRevolución, 1910-1917 _vRelatos personales _913095 |
|
| 905 | _aLibro | ||
| 999 |
_c55379 _d55379 |
||